00459 a2200157 4500020001800000020001800018040001300036082001100049100002000060245008700080250001100167260005200178300002500230650002400255700002200279 a1-55860-438-3 a1-55860-580-0 aDLCbDLC a005.741 aO'Neil, Patrick00aDatabase : principles, programming, performance cPatrick O'Neil, Elizabeth O'Neil a2. ed. aSan Francisco, Calif. :bMorgan Kaufmann,c2001 axxiv, 869 s. :bill. 0aDatabase management1 aO'Neil, Elizabeth